Management Theory & Practice (Record no. 2239)

MARC details
000 -LEADER
fixed length control field 00397nam a22001577a 4500
005 - DATE AND TIME OF LATEST TRANSACTION
control field 20180621105117.0
008 - FIXED-LENGTH DATA ELEMENTS--GENERAL INFORMATION
fixed length control field 160531b xxu||||| |||| 00| 0 eng d
041 ## - LANGUAGE CODE
Language code of text/sound track or separate title eng
082 ## - DEWEY DECIMAL CLASSIFICATION NUMBER
Item number 6363
Classification number 658
100 ## - MAIN ENTRY--AUTHOR NAME
Personal name Chandan J.S.
245 ## - TITLE STATEMENT
Title Management Theory & Practice
260 ## - PUBLICATION, DISTRIBUTION, ETC. (IMPRINT)
Place of publication New Delhi
Name of publisher Vikas Publishing House (P) Ltd.
Year of publication 2004
300 ## - PHYSICAL DESCRIPTION
Number of Pages 500
650 ## - SUBJECT ADDED ENTRY--TOPICAL TERM
Topical Term Management
942 ## - ADDED ENTRY ELEMENTS (KOHA)
Koha item type Books
Holdings
Lost status Damaged status Collection code Home library Current library Shelving location Date acquired Cost, normal purchase price Full call number Accession Number Koha item type
    MANAGEMENT JRU Library JRU Library SHELF- 68 N 31/05/2016 165.00 658 6363 Books
    MANAGEMENT JRU Library JRU Library SHELF-38-G 31/05/2016 165.00 658 6364 Books
    MANAGEMENT JRU Library JRU Library SHELF-38-G 31/05/2016 165.00 658 6365 Books
    MANAGEMENT JRU Library JRU Library SHELF-38-G 31/05/2016 165.00 658 6366 Books
    Reference JRU Library   SHELF-30-A 31/05/2016 165.00 658 6367 Books
    MANAGEMENT JRU Library JRU Library SHELF-38-G 31/05/2016 165.00 658 6368 Books
    MANAGEMENT JRU Library JRU Library SHELF-38-G 31/05/2016 165.00 658 6369 Books
    MANAGEMENT JRU Library JRU Library SHELF- 68 N 31/05/2016 165.00 658 6370 Books